Revision of the neotropical genus Tropidacris (Orthoptera, Acridoidae, romaleidae, Rmaleinae) (Registro nro. 12558)

Detalles MARC
000 -CABECERA
Campo de control 007050000a22002050004500
090 ## - CLASIFICACIÓN LOCAL
Colección AR
Consecutivo 03508
041 0# - IDIOMA
Código de idioma para texto/pista de sonido o título separado
100 1# - ASIENTO PRINCIPAL--NOMBRE PERSONAL
Nombre personal Carbonell, Carlos S.
245 10 - MENCION DE TITULO
Título Revision of the neotropical genus Tropidacris (Orthoptera, Acridoidae, romaleidae, Rmaleinae)
650 14 - ASIENTO SECUNDARIO DE MATERIA - TERMINO TEMATICO
Término temático o nombre geográfico como elemento de entrada Entomología
650 14 - ASIENTO SECUNDARIO DE MATERIA - TERMINO TEMATICO
Término temático o nombre geográfico como elemento de entrada Taxonomía animal
650 14 - ASIENTO SECUNDARIO DE MATERIA - TERMINO TEMATICO
Término temático o nombre geográfico como elemento de entrada Distribución geográfica
650 14 - ASIENTO SECUNDARIO DE MATERIA - TERMINO TEMATICO
Término temático o nombre geográfico como elemento de entrada Requerimientos ecológicos
650 14 - ASIENTO SECUNDARIO DE MATERIA - TERMINO TEMATICO
Término temático o nombre geográfico como elemento de entrada Sistemática animal
650 14 - ASIENTO SECUNDARIO DE MATERIA - TERMINO TEMATICO
Término temático o nombre geográfico como elemento de entrada Nuevas especies
650 14 - ASIENTO SECUNDARIO DE MATERIA - TERMINO TEMATICO
Término temático o nombre geográfico como elemento de entrada Neotrópicos
653 ## - TERMINO DE INDIZACION - NO CONTROLADO
-- Tropidacris
773 1# - Item fuente:
Título Proceedings of the Academy of Natural Science of Philadelphia
Descripción física 2
Paginas del Articulo 366-402
Lugar, editorial y fecha de publicación 1986
Información sobre la relación 138
942 ## - ELEMENTOS ADICIONALES (KOHA)
Tipo de ítem Artículo
Existencias
Withdrawn status Lost status Damaged status No para préstamo Colección Ubicación Permanente Ubicación actual Fecha de adquisición Datos de publicación Seriada Total Checkouts Número topográfico Inventario / Código de Barras Date last seen Price effective from Forma de adquisición Tipo de material
      No para Préstamo Hemeroteca Bogotá Bogotá 27/02/2015 Fuera de circulación   AR 03508 014441 25/03/2015 25/03/2015   Artículo